Football quizz en G - Statistiques

Statistiques générales
  • Ce quiz a été pris 163 fois
  • Le résultat moyen est 7 sur 13
Statistiques - réponses
Hint Réponse % Correct
Club italien basé à Gênes, connu pour être l'un des plus anciens d'Italie. Genoa
94%
Club écossais rival du Celtic FC. Glasgow
82%
Ancien joueur du FC Barcelone étant aujourd'hui l'un des meilleurs coach au monde. Guardiola
77%
Nom du partenaire ayant donné son nom au stade ou l'OL joue. Groupama
73%
Prénom d’un ancien défenseur central espagnol, légendaire au FC Barcelone au 21e siècle. Gerard
68%
Célèbre joueur néerlandais réputé pour sa polyvalence. Gullit
68%
Prénom d'un célèbre attaquant Argentin ayant passé la majeur parti de sa carrière en Italie et notamment à Naples et à la Juventus. Gonzalo
62%
Club basé en France et évoluant en Ligue 1, connu pour ses exploits historiques, vainqueur de la coupe de France en 2009 et 2014. Guingamp
62%
Ancien buteur de l'OM réputé comme l'un des pires de la décennie. Germain
47%
Ville espagnole abritant un club ayant joué en Liga, en Andalousie. Grenade
43%
Nom d'un ancien footballeur français évoluant au poste de défenseur central, passé par l'OM ou encore Chelsea. Gallas
30%
L'une des tribunes du stade vélodrome. Ganay
12%
Prénom d’un célèbre joueur brésilien, champion du monde en 2002 et connu pour ses dribbles spectaculaires. Gilberto
8%
Aucun quiz correspondant
Distribution des résultats
% des personnes avec chaque résultat
Percentile par nombre de réponses
Votre historique - résultats
Vous n’avez pas pris ce quiz